Music Quiz

Random Music or Album Quiz

Eponymous Bands Quiz Stats

 Plays Quiz not verified by Sporcle

Also try: Sporcle is #1
Challenge
Share
Tweet
Embed
Score 0/19 Timer 04:00
0 Plays Today
First Name Bands / Last Names % Correct
JonBon Jovi
79.7%
CarlosSantana
78.8%
Tracii, AxlGuns N' Roses
78.4%
Paul, ArtSimon and Garfunkel
72.2%
Alex & EddieVan Halen
69.3%
Isaac & Taylor & ZacHanson
65.6%
Ronnie JamesDio
63.9%
Daryl, JohnHall & Oates
63.1%
Karen & RichardThe Carpenters
62.7%
David, Stephen, GrahamCrosby, Stills & Nash
53.5%
First Name Bands / Last Names % Correct
Carnie & Wendy, ChynnaWilson Phillips
39.4%
Mick, JohnFleetwood Mac
29.5%
ChrisDaughtry
25.7%
PattiLabelle
24.9%
GlennDanzig
16.2%
Kix, RonnieBrooks and Dunn
16.2%
Keith, Greg, CarlEmerson, Lake, & Palmer
15.4%
Don Dokken
8.7%
Jim, DashSeals and Crofts
3.7%

You're not logged in!

Compare scores with friends on all Sporcle quizzes.
Join for Free
OR
Log In

You Might Also Like...

Show Comments

Extras

Top Quizzes Today


Score Distribution

Your Account Isn't Verified!

In order to create a playlist on Sporcle, you need to verify the email address you used during registration. Go to your Sporcle Settings to finish the process.

Report this User

Report this user for behavior that violates our Community Guidelines.

Details: